Těsnopisecká zpráva o 104. [-121] schůzi poslanecké sněmovny Národního shromáždění republiky Československé v Praze v úterý dne 6. prosince 1921. [-17. ledna 1922.] 1. volební období. 4. zasedání

Bibliographic Details
Format: Book
Language:Czech
German
Slovak
Hungarian
PhysicalDescription:S. 1391-2176 25 cm
Published: [Praha] [Národní shromáždění republiky Československé] [1922]

MARC

LEADER 00000cam a2200000 a 4500
001 vtls001148103
003 SK-MaSNL
005 20260224015011.0
008 250414s1922 xr e 00000 cze
015 |a SNBA1922 
035 |a SNK000090962 
040 |a SNK  |b slo  |c SNK  |e AACR2 
041 0 |a cze  |a ger  |a slo  |a hun 
044 |a xr  |c CZ 
080 |a 328(437)"1921"(047)  |2 1981 
245 0 0 |a Těsnopisecká zpráva o 104. [-121] schůzi poslanecké sněmovny Národního shromáždění republiky Československé v Praze v úterý dne 6. prosince 1921. [-17. ledna 1922.]  |b 1. volební období. 4. zasedání 
260 |a [Praha]  |b [Národní shromáždění republiky Československé]  |c [1922]  |e Praha  |f Státní tisk. 
300 |a S. 1391-2176  |c 25 cm 
500 |a Čiast. text nem., slov., maď. 
500 |a Publikácia bez spoločného tit. listu 
852 |a Slovenská národná knižnica 
954 |a NZ  |a zasadnutia r. 1921-1922 
999 |c 795142  |d 797072 
952 |a SNK  |b SNK  |y PREZ  |7 0  |p 17A0904483  |o snkSB 51579  |i snkK 1924/93  |8 3  |0 0  |1 0  |4 0  |d 2015-09-14  |l 0  |r 2025-03-12 00:00:00  |w 2026-02-24